000
00330nam a22001457a 4500
008
210311b ||||| |||| 00| 0 eng d
020
_a
0030785251
041
_a
eng
080
_a
579
082
_a
579
100
_a
11
101
_a
MIK
245
_a
Microbiology, Molecules, Microbes and man
_c
Nester, E. W
942
_2
udc
_c
BK
999
_c
56367
_d
56367